| 000 | 00347 a2200157 4500 | ||
|---|---|---|---|
| 001 | 68173 | ||
| 020 | _a9788591153916 | ||
| 040 | _cAnchieta - Pituba | ||
| 100 | _aSouza, Guilherme Embiriçu de | ||
| 240 | 1 | 0 |
_aQuímica para a vida _lpor |
| 245 | 1 | 0 | _aQuímica para a vida |
| 300 | _a409 | ||
| 362 | 0 | _a2016 | |
| 650 | 4 | _aQuímica | |
| 942 | _cBK | ||
| 999 |
_c68173 _d68173 |
||